00484nam a2200157 i 4500001000300000100001500003245004600018260002100064490003900085830003900124040000800163041000800171080000800179008004100187856009800228bg1 aBENSE, Max 0aŚwiat przez pryzmat znaku /cMax Bense. aWarszawa,c1980.1 aBiblioteka Myśli Współczesnej aBiblioteka Myśli Współczesnej cBPK apol a003 s pl f |000 0 pol  uhttp://koha.tu.koszalin.pl/cgi-bin/koha/opac-detail.pl?biblionumber=21617yKatalog online BPK